[Event "SVK-chT1E 2425"]
[Site "Slovakia"]
[Date "2024.11.17"]
[Round "2.4"]
[White "Kalata, Peter"]
[Black "Minich, Miroslav"]
[Result "1/2-1/2"]
[WhiteElo "2155"]
[BlackElo "1961"]
[PlyCount "46"]
[EventDate "2024.11.16"]
[EventType "team-tourn"]
[EventRounds "11"]
[EventCountry "SVK"]
[SourceTitle "CB51_2024"]
[SourceDate "2024.12.18"]
[SourceVersion "1"]
[SourceVersionDate "2024.12.18"]
[SourceQuality "1"]
[WhiteTeam "Bardejov"]
[BlackTeam "Zvolen Slavia"]
[WhiteTeamCountry "SVK"]
[BlackTeamCountry "SVK"]

1. e4 c6 2. d4 d5 3. exd5 cxd5 4. c4 Nf6 5. Nc3 e6 6. Nf3 Nc6 7. Be2 Be7 8. 0-0 0-0 9. Re1 a6 10. c5 b6 11. cxb6 Qxb6 12. a3 Ne4 13. Na4 Qa7 14. b4 Bf6 15. Be3 Bd7 16. Nc5 Nc3 17. Qd3 Nxe2+ 18. Rxe2 Ne7 19. Nxd7 Qxd7 20. Bg5 Qb5 21. Qd2 Nf5 22. Bxf6 gxf6 23. Rc1 Rfc8 1/2-1/2

[Event "SVK-chT1E 1718"]
[Site "Slovakia"]
[Date "2018.03.10"]
[Round "10.3"]
[White "Kalata, Peter"]
[Black "Varga, Lukas"]
[Result "1-0"]
[WhiteElo "2187"]
[BlackElo "1962"]
[PlyCount "53"]
[EventDate "2017.10.21"]
[EventType "team-tourn"]
[EventRounds "11"]
[EventCountry "SVK"]
[SourceTitle "EXT 2019"]
[Source "ChessBase"]
[SourceDate "2018.10.10"]
[SourceVersion "1"]
[SourceVersionDate "2018.10.10"]
[SourceQuality "1"]
[WhiteTeam "Bardejov"]
[BlackTeam "Kosice Slavia TU II"]
[WhiteTeamCountry "SVK"]
[BlackTeamCountry "SVK"]

1. e4 c6 2. d4 d5 3. exd5 cxd5 4. c4 Nf6 5. Nc3 e6 6. Nf3 Nc6 7. Bg5 Be7 8. a3 0-0 9. Rc1 Qa5 10. Be2 dxc4 11. Bxc4 Rd8 12. Be3 h6 13. 0-0 Bd7 14. Nb5 Nd5 15. Qd3 Be8 16. b4 Qb6 17. Nc3 Nxe3 18. fxe3 Bf6 19. Ne4 Be7 20. Ba2 Rac8 21. Bb1 e5 22. Nc5 Bf6 23. Qh7+ Kf8 24. Ne4 exd4 25. Nxf6 gxf6 26. Nh4 Ne5 27. Nf5 1-0

[Event "SVK-chT1E 1617"]
[Site "Slovakia"]
[Date "2016.10.16"]
[Round "2.4"]
[White "Kalata, Peter"]
[Black "Micek, Jaroslav"]
[Result "1-0"]
[WhiteElo "2174"]
[BlackElo "2074"]
[PlyCount "77"]
[EventDate "2016.10.15"]
[EventType "team-tourn"]
[EventRounds "11"]
[EventCountry "SVK"]
[SourceTitle "CBM 175 Extra"]
[Source "ChessBase"]
[SourceDate "2016.12.12"]
[SourceVersion "1"]
[SourceVersionDate "2016.12.12"]
[SourceQuality "1"]
[WhiteTeam "Bardejov"]
[BlackTeam "Margecany Eltra"]
[WhiteTeamCountry "SVK"]
[BlackTeamCountry "SVK"]

1. e4 c5 2. Nf3 d6 3. c3 Nf6 4. h3 d5 5. exd5 Nxd5 6. d4 e6 7. Bd3 Be7 8. 0-0 0-0 9. dxc5 Bxc5 10. Qc2 h6 11. Qe2 Nd7 12. a3 Qc7 13. Bc2 b6 14. c4 N5f6 15. Nc3 Bb7 16. Nb5 Qc6 17. b4 Be7 18. Nbd4 Qc7 19. Re1 Rfe8 20. Bb2 Rac8 21. Rac1 Qb8 22. Ba4 Qa8 23. Rcd1 Bf8 24. Qf1 Red8 25. Re3 a6 26. Bb3 Ne4 27. c5 bxc5 28. Nxe6 fxe6 29. Bxe6+ Kh8 30. Bxd7 Rc7 31. Ne5 Rcxd7 32. Nxd7 cxb4 33. axb4 Bxb4 34. Nb6 Rxd1 35. Qxd1 Qf8 36. Rf3 Qc5 37. Qd7 Qe7 38. Qxe7 Bxe7 39. Rf7 1-0

[Event "SVK-chT1E 1617"]
[Site "Slovakia"]
[Date "2016.10.15"]
[Round "1.3"]
[White "Kalata, Peter"]
[Black "Hagara, Martin"]
[Result "1/2-1/2"]
[WhiteElo "2174"]
[BlackElo "2142"]
[PlyCount "75"]
[EventDate "2016.10.15"]
[EventType "team-tourn"]
[EventRounds "11"]
[EventCountry "SVK"]
[SourceTitle "CBM 175 Extra"]
[Source "ChessBase"]
[SourceDate "2016.12.12"]
[SourceVersion "1"]
[SourceVersionDate "2016.12.12"]
[SourceQuality "1"]
[WhiteTeam "Bardejov"]
[BlackTeam "Kezmarok"]
[WhiteTeamCountry "SVK"]
[BlackTeamCountry "SVK"]

1. e4 e5 2. f4 d6 3. Nf3 Nd7 4. Nc3 Ngf6 5. Bc4 h6 6. d3 Be7 7. Qe2 c6 8. a4 0-0 9. 0-0 Re8 10. Kh1 Bf8 11. f5 b6 12. g4 d5 13. exd5 cxd5 14. Nxd5 Bb7 15. Nxf6+ Nxf6 16. g5 e4 17. dxe4 Rxe4 18. Qd3 Ng4 19. Qxd8 Rxd8 20. Bd3 Red4 21. Kg2 Ne5 22. Be3 Nxf3 23. Rxf3 Rxd3 24. cxd3 Rxd3 25. Re1 hxg5 26. Kf2 Bxf3 27. Kxf3 Bc5 28. Ke4 Rxe3+ 29. Rxe3 Bxe3 30. Kxe3 g6 31. f6 Kf8 32. Ke4 Ke8 33. Kd5 Kd7 34. h3 a5 35. b3 Kc7 36. Kc4 Kc6 37. b4 axb4 38. Kxb4 1/2-1/2

[Event "SVK-chT1E 1516"]
[Site "Slovakia"]
[Date "2016.03.20"]
[Round "11.4"]
[White "Kalata, Peter"]
[Black "Staffen, Richard"]
[Result "1/2-1/2"]
[WhiteElo "2162"]
[BlackElo "2042"]
[PlyCount "64"]
[EventDate "2015.10.24"]
[EventType "team-tourn"]
[EventRounds "11"]
[EventCountry "SVK"]
[SourceTitle "EXT 2017"]
[Source "ChessBase"]
[SourceDate "2016.10.25"]
[SourceVersion "1"]
[SourceVersionDate "2016.10.25"]
[SourceQuality "1"]
[WhiteTeam "Bardejov"]
[BlackTeam "Zilina Mladost II"]
[WhiteTeamCountry "SVK"]
[BlackTeamCountry "SVK"]

1. e4 c5 2. Nf3 e6 3. c3 d5 4. exd5 exd5 5. d4 Nf6 6. Be2 Be7 7. 0-0 0-0 8. Bg5 Nc6 9. dxc5 h6 10. Be3 Ne4 11. Nbd2 Bxc5 12. Bxc5 Nxc5 13. Nb3 Ne4 14. Nbd4 Bg4 15. Qa4 Qb6 16. Qb3 Nxd4 17. Nxd4 Qxb3 18. axb3 Bxe2 19. Nxe2 Nd2 20. Rfd1 Nxb3 21. Ra3 Nc5 22. Rxd5 Rfd8 23. Rxd8+ Rxd8 24. Nd4 Ne6 25. Ra4 Nxd4 26. cxd4 b5 27. Rb4 a6 28. Kf1 Kf8 29. Ke2 Ke7 30. Kd3 Kd6 31. Rb3 Rc8 32. Ra3 Rc6 1/2-1/2

[Event "SVK-chT1E 1415"]
[Site "Slovakia"]
[Date "2015.03.15"]
[Round "11.3"]
[White "Csolto, Tibor Jr"]
[Black "Kalata, Peter"]
[Result "1-0"]
[WhiteElo "2227"]
[BlackElo "2206"]
[PlyCount "44"]
[EventDate "2014.10.18"]
[EventType "team-tourn"]
[EventRounds "11"]
[EventCountry "SVK"]
[SourceTitle "EXT 2016"]
[Source "ChessBase"]
[SourceDate "2015.10.08"]
[SourceVersion "1"]
[SourceVersionDate "2015.10.08"]
[SourceQuality "1"]
[WhiteTeam "Jelsava"]
[BlackTeam "Bardejov"]
[WhiteTeamCountry "SVK"]
[BlackTeamCountry "SVK"]

1. d4 Nf6 2. Nc3 d5 3. Bg5 Nbd7 4. Nf3 e6 5. e4 dxe4 6. Nxe4 Be7 7. Nxf6+ Nxf6 8. Bd3 0-0 9. Qe2 Nd5 10. h4 c5 11. 0-0-0 cxd4 12. Nxd4 Bxg5+ 13. hxg5 Qxg5+ 14. Kb1 g6 15. Nf3 Qf6 16. Ne5 Nf4 17. Qe4 Qf5 18. Qd4 Nxd3 19. Ng4 e5 20. Nh6+ Kh8 21. Qd6 Be6 22. Nxf5 Nxf2 1-0

[Event "SVK-chT1E 1314"]
[Site "Slovakia"]
[Date "2014.03.23"]
[Round "11.1"]
[White "Kukucka, Matej"]
[Black "Kalata, Peter"]
[Result "0-1"]
[WhiteElo "2086"]
[BlackElo "2192"]
[PlyCount "112"]
[EventDate "2013.10.12"]
[EventType "team-tourn"]
[EventRounds "11"]
[EventCountry "SVK"]
[SourceTitle "EXT 2015"]
[Source "ChessBase"]
[SourceDate "2014.11.20"]
[SourceVersion "1"]
[SourceVersionDate "2014.11.20"]
[SourceQuality "1"]
[WhiteTeam "Kysucke Nove Mesto"]
[BlackTeam "Bardejov"]
[WhiteTeamCountry "SVK"]
[BlackTeamCountry "SVK"]

1. d4 Nf6 2. c4 g6 3. Nc3 Bg7 4. e4 d6 5. h3 0-0 6. Bg5 Nbd7 7. Nf3 h6 8. Be3 e5 9. d5 Nc5 10. Nd2 a5 11. Be2 Nh7 12. g4 f5 13. Qc2 Na6 14. f3 Nb4 15. Qb1 Qh4+ 16. Bf2 Qg5 17. a3 Na6 18. Qd3 Nc5 19. Bxc5 dxc5 20. 0-0-0 Qe7 21. gxf5 gxf5 22. Rdg1 f4 23. d6 Qxd6 24. Qxd6 cxd6 25. Nb5 Ra6 26. h4 Nf6 27. Nb1 Kf7 28. N1c3 Nh5 29. Rd1 Rd8 30. Rh2 Bf6 31. Bf1 Be7 32. Nd5 Rg8 33. Nxe7 Kxe7 34. Nc7 Rc6 35. Nd5+ Kf7 36. Nc3 Rg3 37. Be2 Be6 38. Nb5 Ke7 39. Na7 Rc7 40. Nb5 Rd7 41. Kc2 Rd8 42. Kb3 Bf7 43. Nc3 b6 44. Kc2 Ng7 45. Rf1 Rb8 46. a4 Ne6 47. Nd5+ Kf8 48. Kd3 Nd4 49. Rhh1 Bxd5 50. exd5 Ke7 51. Rhg1 Rbg8 52. Rxg3 Rxg3 53. Rf2 Kf6 54. Ke4 Nf5 55. Rh2 Rg1 56. Kd3 Kg6 0-1

[Event "SVK-chT1E 1314"]
[Site "Slovakia"]
[Date "2014.03.02"]
[Round "9.3"]
[White "Kamody, Mario"]
[Black "Kalata, Peter"]
[Result "1-0"]
[WhiteElo "2205"]
[BlackElo "2192"]
[PlyCount "89"]
[EventDate "2013.10.12"]
[EventType "team-tourn"]
[EventRounds "11"]
[EventCountry "SVK"]
[SourceTitle "EXT 2015"]
[Source "ChessBase"]
[SourceDate "2014.11.20"]
[SourceVersion "1"]
[SourceVersionDate "2014.11.20"]
[SourceQuality "1"]
[WhiteTeam "Banska Bystrica TH"]
[BlackTeam "Bardejov"]
[WhiteTeamCountry "SVK"]
[BlackTeamCountry "SVK"]

1. e4 c5 2. Nf3 d6 3. d4 cxd4 4. Nxd4 Nf6 5. Nc3 a6 6. Bg5 e6 7. f4 Qb6 8. Qd2 Qxb2 9. Rb1 Qa3 10. e5 dxe5 11. fxe5 Nfd7 12. Ne4 Nc6 13. Nxc6 bxc6 14. Rb3 Qxa2 15. Nd6+ Bxd6 16. Qxd6 Qa5+ 17. Kd1 Qd5+ 18. Bd3 f6 19. Bd2 Nxe5 20. Qb4 c5 21. Qh4 Bb7 22. Re1 Qxg2 23. Rxe5 fxe5 24. Qh5+ g6 25. Qxe5 Bf3+ 26. Kc1 Qg1+ 27. Be1 0-0 28. Qxe6+ Kg7 29. Kb2 Qg4 30. Qe7+ Rf7 31. Bc3+ Kg8 32. Qe5 Kf8 33. Qxc5+ Ke8 34. Qe5+ Re7 35. Qh8+ Kd7 36. Qf6 Bc6 37. Rb4 Qe6 38. Rd4+ Bd5 39. Qg5 Rb8+ 40. Kc1 Kd6 41. Qf4+ Qe5 42. Rxd5+ Kxd5 43. Bc4+ Kd6 44. Bxe5+ Rxe5 45. Qd4+ 1-0

[Event "SVK-chT1E 1213"]
[Site "Slovakia"]
[Date "2013.03.24"]
[Round "11.1"]
[White "Hros, Roman"]
[Black "Kalata, Peter"]
[Result "0-1"]
[WhiteElo "1915"]
[BlackElo "2165"]
[PlyCount "34"]
[EventDate "2012.10.20"]
[EventType "team-tourn"]
[EventRounds "11"]
[EventCountry "SVK"]
[SourceTitle "EXT 2015"]
[Source "ChessBase"]
[SourceDate "2014.11.20"]
[SourceVersion "1"]
[SourceVersionDate "2014.11.20"]
[SourceQuality "1"]
[WhiteTeam "Liptov Chess School"]
[BlackTeam "Bardejov"]
[WhiteTeamCountry "SVK"]
[BlackTeamCountry "SVK"]

1. e4 c5 2. Nf3 d6 3. d4 cxd4 4. Nxd4 Nf6 5. Nc3 a6 6. Be2 e5 7. Nb3 Be7 8. f4 0-0 9. 0-0 b5 10. Bf3 Bb7 11. Qd3 Nbd7 12. Rd1 Rc8 13. a4 b4 14. Ne2 Qc7 15. c3 bxc3 16. Qxc3 Qb6+ 17. Qe3 Rxc1 0-1

[Event "SVK-chT1E 1213"]
[Site "Slovakia"]
[Date "2012.12.08"]
[Round "3.7"]
[White "Tomcik, Milan"]
[Black "Kalata, Peter"]
[Result "0-1"]
[WhiteElo "2049"]
[BlackElo "2165"]
[PlyCount "83"]
[EventDate "2012.10.20"]
[EventType "team-tourn"]
[EventRounds "11"]
[EventCountry "SVK"]
[SourceTitle "EXT 2014"]
[Source "ChessBase"]
[SourceDate "2013.11.20"]
[SourceVersion "1"]
[SourceVersionDate "2013.11.20"]
[SourceQuality "1"]
[WhiteTeam "Rajecke Teplice"]
[BlackTeam "Bardejov"]
[WhiteTeamCountry "SVK"]
[BlackTeamCountry "SVK"]

1. e4 c5 2. Nf3 d6 3. d4 cxd4 4. Nxd4 Nf6 5. Nc3 a6 6. Bc4 e6 7. Bb3 Be7 8. 0-0 0-0 9. Be3 b5 10. f3 Qc7 11. a3 Nc6 12. Qe1 Na5 13. Nce2 e5 14. Bd2 Nxb3 15. Nxb3 Qxc2 16. Qd1 Qxd1 17. Rfxd1 Be6 18. Na5 d5 19. exd5 Bxd5 20. Nc3 Bc5+ 21. Kf1 Be6 22. Nc6 Bc4+ 23. Ne2 e4 24. Ne5 exf3 25. gxf3 Bxe2+ 26. Kxe2 Bd4 27. Nd3 Rfe8+ 28. Kf1 Nd5 29. a4 f5 30. Ra2 Nb6 31. axb5 axb5 32. Rxa8 Rxa8 33. Bc3 Bxc3 34. bxc3 Nd5 35. Rb1 Nxc3 36. Rb3 Ra1+ 37. Kg2 Ra2+ 38. Kh3 Ne2 39. Rxb5 Ra3 40. Ne5 g6 41. Kg2 Ra2 42. Rb7 0-1

[Event "SVK-chT1E 1213"]
[Site "Slovakia"]
[Date "2012.10.21"]
[Round "2.6"]
[White "Tropp, Oliver"]
[Black "Kalata, Peter"]
[Result "0-1"]
[WhiteElo "1978"]
[BlackElo "2165"]
[PlyCount "74"]
[EventDate "2012.10.20"]
[EventType "team-tourn"]
[EventRounds "11"]
[EventCountry "SVK"]
[SourceTitle "EXT 2014"]
[Source "ChessBase"]
[SourceDate "2013.11.20"]
[SourceVersion "1"]
[SourceVersionDate "2013.11.20"]
[SourceQuality "1"]
[WhiteTeam "Kezmarok"]
[BlackTeam "Bardejov"]
[WhiteTeamCountry "SVK"]
[BlackTeamCountry "SVK"]

1. c4 Nf6 2. Nc3 g6 3. g3 Bg7 4. Bg2 0-0 5. e4 d6 6. Nge2 c5 7. 0-0 Nc6 8. d3 Ne8 9. Be3 Nc7 10. d4 cxd4 11. Nxd4 Ne5 12. Qe2 Ng4 13. Rad1 Nxe3 14. Qxe3 Ne6 15. Nxe6 Bxe6 16. c5 Qa5 17. cxd6 exd6 18. Rxd6 Rac8 19. Nd5 Rc2 20. b4 Qxa2 21. e5 Re2 22. Qf3 Bxe5 23. Nc3 Bxc3 24. Qxc3 h6 25. Qd4 Qb2 26. Qd3 Rc8 27. Bf3 Rec2 28. Rxe6 fxe6 29. Qd7 Rf8 30. Qxe6+ Kh8 31. Kg2 Qf6 32. Qe4 Rb2 33. Qe3 Rxb4 34. Be2 a5 35. f4 Qd4 36. Qa3 Re8 37. Bf3 Qb2+ 0-1

[Event "SVK-chT1E 1112"]
[Site "Slovakia"]
[Date "2011.12.10"]
[Round "5.5"]
[White "Cech, Dominik"]
[Black "Kalata, Peter"]
[Result "0-1"]
[WhiteElo "2122"]
[BlackElo "2146"]
[PlyCount "108"]
[EventDate "2011.10.15"]
[EventType "team-tourn"]
[EventRounds "11"]
[EventCountry "SVK"]
[SourceTitle "EXT 2013"]
[Source "ChessBase"]
[SourceDate "2012.11.22"]
[SourceVersion "1"]
[SourceVersionDate "2012.11.22"]
[SourceQuality "1"]
[WhiteTeam "Michalovce Zemplin"]
[BlackTeam "Bardejov"]
[WhiteTeamCountry "SVK"]
[BlackTeamCountry "SVK"]

1. e4 c5 2. Nf3 d6 3. d4 cxd4 4. Nxd4 Nf6 5. Nc3 a6 6. Be2 e5 7. Nb3 Be7 8. 0-0 0-0 9. Be3 Qc7 10. a4 Be6 11. f4 Rd8 12. a5 Nbd7 13. f5 Bc4 14. Bxc4 Qxc4 15. Qf3 d5 16. exd5 e4 17. Qg3 Nxd5 18. Ra4 Nxc3 19. Rxc4 Ne2+ 20. Kf2 Nxg3 21. hxg3 Rac8 22. Rxc8 Rxc8 23. Rc1 Ne5 24. Ke2 Nc4 25. Bd4 Bg5 26. Rh1 Nd6 27. c3 Nxf5 28. Kf2 Nd6 29. Re1 f5 30. Re2 h5 31. Nc5 Kf7 32. Be5 Rxc5 33. Bxd6 Rxa5 34. Bc7 Rd5 35. Bb6 Rd2 36. Ke1 Rxe2+ 37. Kxe2 Ke6 38. c4 Bf6 39. b3 Be5 40. Kf2 g5 41. Bd8 Bf6 42. Bc7 Bd4+ 43. Ke2 Be5 44. Bd8 Bxg3 45. Bxg5 Ke5 46. Bd8 Kd4 47. Ba5 Bd6 48. Kd2 e3+ 49. Ke2 Ke4 50. Bb6 f4 51. Ba5 h4 52. Ke1 h3 53. gxh3 f3 54. Kf1 f2 0-1

[Event "SVK-chT 1011"]
[Site "Slovakia"]
[Date "2011.05.07"]
[Round "10.4"]
[White "Kalata, Peter"]
[Black "Rachela, Milan"]
[Result "1/2-1/2"]
[WhiteElo "2198"]
[BlackElo "2395"]
[PlyCount "75"]
[EventDate "2010.11.27"]
[EventType "team-tourn"]
[EventRounds "11"]
[EventCountry "SVK"]
[SourceTitle "EXT 2012"]
[Source "ChessBase"]
[SourceDate "2011.11.24"]
[SourceVersion "1"]
[SourceVersionDate "2011.11.24"]
[SourceQuality "1"]
[WhiteTeam "Bardejov"]
[BlackTeam "Dunajska Streda"]
[WhiteTeamCountry "SVK"]
[BlackTeamCountry "SVK"]

1. e4 e5 2. Nf3 Nc6 3. Bc4 Bc5 4. d3 Nf6 5. Nc3 d6 6. Bb3 a6 7. Be3 Nd4 8. Bxd4 exd4 9. Nd5 Nxd5 10. Bxd5 c6 11. Bb3 Bb4+ 12. c3 dxc3 13. Bxf7+ Kf8 14. 0-0 cxb2 15. Rb1 Qf6 16. Qb3 a5 17. a3 Qxf7 18. Qxf7+ Kxf7 19. axb4 axb4 20. Rxb2 c5 21. d4 Bg4 22. Nd2 Rhd8 23. e5 dxe5 24. dxc5 Rd4 25. f3 Bf5 26. Rc1 Rad8 27. Nc4 Rd1+ 28. Rxd1 Rxd1+ 29. Kf2 Rb1 30. Nxe5+ Ke6 31. Rxb1 Bxb1 32. c6 bxc6 33. Nxc6 Kd6 34. Nxb4 Kc5 35. Na6+ Kb6 36. Nb4 Kc5 37. Na6+ Kb6 38. Nb4 1/2-1/2

[Event "SVK-chT 1011"]
[Site "Slovakia"]
[Date "2011.05.06"]
[Round "9.4"]
[White "Druska, Juraj"]
[Black "Kalata, Peter"]
[Result "1-0"]
[WhiteElo "2226"]
[BlackElo "2198"]
[PlyCount "105"]
[EventDate "2010.11.27"]
[EventType "team-tourn"]
[EventRounds "11"]
[EventCountry "SVK"]
[SourceTitle "EXT 2012"]
[Source "ChessBase"]
[SourceDate "2011.11.24"]
[SourceVersion "1"]
[SourceVersionDate "2011.11.24"]
[SourceQuality "1"]
[WhiteTeam "Kezmarok"]
[BlackTeam "Bardejov"]
[WhiteTeamCountry "SVK"]
[BlackTeamCountry "SVK"]

1. Nf3 Nf6 2. g3 g6 3. Bg2 Bg7 4. 0-0 0-0 5. d4 d6 6. b3 c6 7. c4 Nbd7 8. Nc3 Qc7 9. Qc2 Re8 10. Rd1 e5 11. e3 Nf8 12. Ba3 Bf5 13. e4 Bg4 14. Bxd6 Qxd6 15. dxe5 Qe7 16. exf6 Qxf6 17. Rd3 Rxe4 18. Nxe4 Qxa1+ 19. Rd1 Qb2 20. Qxb2 Bxb2 21. Rd2 Bxf3 22. Bxf3 Be5 23. Nc5 Rb8 24. Rd1 Bf6 25. Rd7 b6 26. Rb7 Rxb7 27. Nxb7 c5 28. Nd6 Bd8 29. Bd5 Ne6 30. Bxe6 fxe6 31. Kg2 Bc7 32. Nb5 Bb8 33. Kf3 Kf7 34. Ke4 Kf6 35. Nc3 Be5 36. Ne2 h5 37. Nc1 Bb2 38. Nd3 Bc3 39. h3 Ba1 40. g4 hxg4 41. hxg4 g5 42. f3 Bc3 43. Nf2 Bd4 44. Nd3 Bc3 45. f4 gxf4 46. Kxf4 Bd2+ 47. Ke4 Bc3 48. a3 a5 49. Ne5 Kg5 50. Nd7 Kxg4 51. Nxb6 Bb2 52. Nd7 Bxa3 53. Nf8 1-0

[Event "SVK-chT1E 0910"]
[Site "Slovakia"]
[Date "2010.01.16"]
[Round "6.6"]
[White "Kalata, Peter"]
[Black "Rajnak, Daniel"]
[Result "1-0"]
[WhiteElo "2205"]
[BlackElo "2208"]
[PlyCount "91"]
[EventDate "2009.10.17"]
[EventType "team"]
[EventRounds "11"]
[EventCountry "SVK"]
[SourceTitle "EXT 2011"]
[Source "ChessBase"]
[SourceDate "2010.11.26"]
[SourceVersion "1"]
[SourceVersionDate "2010.11.26"]
[SourceQuality "1"]
[WhiteTeam "Bardejov BSK"]
[BlackTeam "Kosice Slavia II"]
[WhiteTeamCountry "SVK"]
[BlackTeamCountry "SVK"]

1. e4 e6 2. d4 d5 3. Nc3 dxe4 4. Nxe4 b6 5. g3 Bb7 6. Bg2 Qc8 7. Qf3 Bc6 8. Qc3 Qb7 9. f3 Nd7 10. Nh3 Ngf6 11. Nhf2 a5 12. 0-0 Bb5 13. Rd1 Be2 14. Nxf6+ Nxf6 15. f4 Nd5 16. Qe1 Bxd1 17. c4 Ba4 18. cxd5 Bb4 19. Qe5 0-0-0 20. dxe6 Bc6 21. Bxc6 Qxc6 22. exf7 Qg6 23. a3 Bf8 24. b4 a4 25. Bb2 Qxf7 26. Rc1 Bd6 27. Qe2 Kb8 28. Qb5 Qb3 29. Nd3 Rhe8 30. Kf2 Re7 31. Qc4 Rde8 32. Qxb3 Re2+ 33. Kf1 axb3 34. Re1 Rxe1+ 35. Nxe1 Kb7 36. Kf2 Kc6 37. Nf3 Kb5 38. Nd2 Ka4 39. Nb1 Bxb4 40. axb4 Kxb4 41. Kf3 Re1 42. Bc3+ Kc4 43. Bxe1 Kd3 44. d5 Kc2 45. Na3+ Kd3 46. Bb4 1-0

[Event "SVK-chT1E 0910"]
[Site "Slovakia"]
[Date "2009.11.15"]
[Round "4.5"]
[White "Kalata, Peter"]
[Black "Zvarik, Martin"]
[Result "0-1"]
[WhiteElo "2205"]
[BlackElo "2245"]
[PlyCount "92"]
[EventDate "2009.10.17"]
[EventType "team"]
[EventRounds "11"]
[EventCountry "SVK"]
[SourceTitle "EXT 2011"]
[Source "ChessBase"]
[SourceDate "2010.11.26"]
[SourceVersion "1"]
[SourceVersionDate "2010.11.26"]
[SourceQuality "1"]
[WhiteTeam "Bardejov BSK"]
[BlackTeam "Zilina Mladost juniors"]
[WhiteTeamCountry "SVK"]
[BlackTeamCountry "SVK"]

1. e4 e5 2. f4 Bc5 3. Nf3 d6 4. Nc3 Nc6 5. Bc4 Bg4 6. Na4 exf4 7. Nxc5 dxc5 8. d3 Ne5 9. Bxf4 Nxc4 10. dxc4 Qe7 11. 0-0 h6 12. Qe1 Nf6 13. Nd2 0-0 14. Qg3 Be2 15. Rf2 Nh5 16. Qe3 Bg4 17. h3 Nxf4 18. Qxf4 Be6 19. b3 Rad8 20. Nf3 Bc8 21. Raf1 Rd6 22. e5 Rg6 23. Kh2 Re6 24. g4 g5 25. Qg3 b6 26. Re1 Bb7 27. Nd2 f6 28. Rfe2 Re8 29. Nf1 Qd7 30. Qf2 Rxe5 31. Ng3 Rxe2 32. Rxe2 Rxe2 33. Qxe2 Qd6 34. Qe3 Kf7 35. Qf2 Qe5 36. Qd2 Bc6 37. Qd3 Qf4 38. Kg1 Qc1+ 39. Kf2 Qf4+ 40. Kg1 Qf3 41. Qxf3 Bxf3 42. Nf5 h5 43. Kf2 hxg4 44. hxg4 Be4 45. Ne3 Ke6 46. Ke2 Ke5 0-1

[Event "SVK-chT1E 0910"]
[Site "Slovakia"]
[Date "2009.11.14"]
[Round "3.5"]
[White "Bakalar, Jan"]
[Black "Kalata, Peter"]
[Result "0-1"]
[WhiteElo "2120"]
[BlackElo "2205"]
[PlyCount "100"]
[EventDate "2009.10.17"]
[EventType "team"]
[EventRounds "11"]
[EventCountry "SVK"]
[SourceTitle "EXT 2011"]
[Source "ChessBase"]
[SourceDate "2010.11.26"]
[SourceVersion "1"]
[SourceVersionDate "2010.11.26"]
[SourceQuality "1"]
[WhiteTeam "Rajecke Teplice"]
[BlackTeam "Bardejov BSK"]
[WhiteTeamCountry "SVK"]
[BlackTeamCountry "SVK"]

1. e4 c5 2. Nf3 d6 3. d4 cxd4 4. Nxd4 Nf6 5. Nc3 a6 6. h3 e5 7. Nf3 b5 8. Nd5 Nxe4 9. Be3 Nd7 10. Bd3 Nec5 11. Bf5 Bb7 12. b4 Ne6 13. 0-0 Be7 14. a4 0-0 15. axb5 axb5 16. Rxa8 Bxa8 17. Nxe7+ Qxe7 18. Qd3 Bxf3 19. gxf3 g6 20. Bxe6 Qxe6 21. Kh2 d5 22. Qxb5 d4 23. Bd2 Rc8 24. Qd3 Qc4 25. Ra1 Qxc2 26. Qxc2 Rxc2 27. Bh6 Rc8 28. Ra7 Nb6 29. Re7 Nd5 30. Rb7 Rd8 31. b5 d3 32. Bd2 Rd6 33. Bh6 Rd8 34. Bd2 Kg7 35. Ra7 Nb6 36. Rc7 Rd5 37. Rc3 Kf8 38. Rb3 Ke8 39. Rb1 Kd7 40. Kg2 Kc8 41. Rb4 Kb7 42. f4 Nd7 43. fxe5 Nxe5 44. f4 Nd7 45. Kf3 Nc5 46. Ke3 Kb6 47. Bc3 Ne6 48. Bd2 Nc7 49. Rb3 Ne6 50. Ke4 Nc5+ 0-1

[Event "SVK-chT1E 0809"]
[Site "Slovakia"]
[Date "2009.03.08"]
[Round "11.1"]
[White "Szamos, Alexander"]
[Black "Kalata, Peter"]
[Result "1/2-1/2"]
[WhiteElo "2207"]
[BlackElo "2235"]
[PlyCount "37"]
[EventDate "2008.10.18"]
[EventType "team-tourn"]
[EventRounds "11"]
[EventCountry "SVK"]
[SourceTitle "EXT 2010"]
[Source "ChessBase"]
[SourceDate "2010.11.25"]
[SourceVersion "1"]
[SourceVersionDate "2010.11.25"]
[SourceQuality "1"]
[WhiteTeam "Filakovo"]
[BlackTeam "Bardejov BSK"]
[WhiteTeamCountry "SVK"]
[BlackTeamCountry "SVK"]

1. Nf3 Nf6 2. d4 g6 3. c4 Bg7 4. Nc3 0-0 5. e4 d6 6. Be2 e5 7. Bg5 h6 8. Bxf6 Qxf6 9. dxe5 dxe5 10. 0-0 c6 11. b4 Na6 12. Qa4 Qe7 13. Rab1 Nc7 14. b5 Qc5 15. Nd2 cxb5 16. Nxb5 Bd7 17. Nb3 Qb6 18. Qb4 Bxb5 19. cxb5 1/2-1/2

[Event "SVK-chT1E 0809"]
[Site "Slovakia"]
[Date "2009.01.11"]
[Round "7.6"]
[White "Kalata, Peter"]
[Black "Cech, Dominik"]
[Result "1/2-1/2"]
[WhiteElo "2235"]
[BlackElo "2101"]
[PlyCount "128"]
[EventDate "2008.10.18"]
[EventType "team-tourn"]
[EventRounds "11"]
[EventCountry "SVK"]
[SourceTitle "EXT 2010"]
[Source "ChessBase"]
[SourceDate "2010.11.25"]
[SourceVersion "1"]
[SourceVersionDate "2010.11.25"]
[SourceQuality "1"]
[WhiteTeam "Bardejov BSK"]
[BlackTeam "Michalovce Zemplin"]
[WhiteTeamCountry "SVK"]
[BlackTeamCountry "SVK"]

1. e4 c5 2. Nf3 Nc6 3. d4 cxd4 4. Nxd4 e6 5. Nc3 Qc7 6. Be3 a6 7. Qd2 Nf6 8. f3 Bb4 9. a3 Be7 10. Nb3 b5 11. Be2 Ne5 12. 0-0 0-0 13. Qd4 d6 14. Rfd1 Bb7 15. Qb6 Rac8 16. Na5 Qxb6 17. Bxb6 Ba8 18. Rd2 d5 19. exd5 Nxd5 20. Nxd5 Bxd5 21. f4 Nd7 22. Bd4 Nc5 23. c4 bxc4 24. Rc1 Nb3 25. Nxb3 cxb3 26. Rxc8 Rxc8 27. Bxa6 Rc2 28. Bc3 Bc5+ 29. Kf1 Bxa3 30. Ke2 Rxd2+ 31. Kxd2 Bc5 32. Bf1 f6 33. Kd3 Kf7 34. Bd4 Bb4 35. Bc3 Bd6 36. g3 Bb7 37. Bh3 Ba6+ 38. Kd4 Ke7 39. Bd2 Bc7 40. Bb4+ Kf7 41. Kc3 Bb6 42. f5 exf5 43. Bxf5 g6 44. Bd7 g5 45. Kxb3 Bg1 46. h3 h5 47. Bf5 Bb7 48. Kc4 Bf2 49. Bd6 Ba6+ 50. Kc3 Be1+ 51. Kd4 Bf2+ 52. Ke4 Bb7+ 53. Kd3 Ba6+ 54. Kd2 Bc4 55. b4 Be6 56. g4 hxg4 57. hxg4 Bxf5 58. gxf5 Ke8 59. Ke2 Kd7 60. Bf8 Bd4 61. Kf3 Kc6 62. Kg4 Kb5 63. Bh6 Kxb4 64. Bxg5 fxg5 1/2-1/2